00583nam a2200145 i 450000100060000000300090000600500170001500700030003200800410003510000450007624502250012126000370034630000210038385200330040469986ES-MaACL20231227184717.0t|040714s1941 sp ||||1| spa d1 aGarcía Martí, Victoriano,d1881-196613aLa voz de los mitos b: grandeza y servidumbre del hombre, (diálogos entre Fausto, D. Quijote, D. Juan, Hamlet, Dulcinea, Margarita, Doña Inés y Ofelia) / cun prólogo y dos actos por Victoriano García Martí. aMadrid : bEspasa-Calpe, c1941. a81 p. ; c19 cm. aES-MaACLj1828-F-8 bR.18883